|
|
|
|
| LEADER |
03855nam a22005895i 4500 |
| 001 |
978-3-642-39611-3 |
| 003 |
DE-He213 |
| 005 |
20210624220054.0 |
| 007 |
cr nn 008mamaa |
| 008 |
130703s2013 gw | s |||| 0|eng d |
| 020 |
|
|
|a 9783642396113
|9 978-3-642-39611-3
|
| 024 |
7 |
|
|a 10.1007/978-3-642-39611-3
|2 doi
|
| 050 |
|
4 |
|a QA76.758
|
| 072 |
|
7 |
|a UMZ
|2 bicssc
|
| 072 |
|
7 |
|a COM051230
|2 bisacsh
|
| 072 |
|
7 |
|a UMZ
|2 thema
|
| 082 |
0 |
4 |
|a 005.1
|2 23
|
| 245 |
1 |
0 |
|a Hardware and Software: Verification and Testing
|h [electronic resource] :
|b 8th International Haifa Verification Conference, HVC 2012, Haifa, Israel, November 6-8, 2012. Revised Selected Papers /
|c edited by Armin Biere, Amir Nahir, Tanja Vos.
|
| 250 |
|
|
|a 1st ed. 2013.
|
| 264 |
|
1 |
|a Berlin, Heidelberg :
|b Springer Berlin Heidelberg :
|b Imprint: Springer,
|c 2013.
|
| 300 |
|
|
|a XII, 281 p. 75 illus.
|b online resource.
|
| 336 |
|
|
|a text
|b txt
|2 rdacontent
|
| 337 |
|
|
|a computer
|b c
|2 rdamedia
|
| 338 |
|
|
|a online resource
|b cr
|2 rdacarrier
|
| 347 |
|
|
|a text file
|b PDF
|2 rda
|
| 490 |
1 |
|
|a Programming and Software Engineering ;
|v 7857
|
| 505 |
0 |
|
|a On Behavioral Programming -- Verifying Real-Time Software Is Not Reasonable: Abstract of Invited Talk -- SMT in Verification, Modeling, and Testing at Microsoft -- Reducing Costs While Increasing Quality -- Special Session on Security Verification -- Circuit Primitives for Monitoring Information Flow and Enabling Redundancy -- Formal Analysis of Security Data Paths in RTL Design -- Precise Detection of Atomicity Violations -- Proving Mutual Termination of Programs -- Knowledge Based Transactional Behavior -- Repair with On-The-Fly Program Analysis -- Computing Interpolants without Proofs -- MaxSAT-Based MCS Enumeration -- Automated Reencoding of Boolean Formulas.
|
| 520 |
|
|
|a This book constitutes the thoroughly refereed proceedings of the 8th International Haifa Verification Conference, HVC 2012, held in Haifa, Israel in November 2012. The 18 revised full papers presented together with 3 poster presentations were carefully reviewed and selected from 36 submissions. They focus on the future directions of testing and verification for hardware, software, and complex hybrid systems.
|
| 650 |
|
0 |
|a Software engineering.
|
| 650 |
|
0 |
|a Programming languages (Electronic computers).
|
| 650 |
|
0 |
|a Computer logic.
|
| 650 |
|
0 |
|a Artificial intelligence.
|
| 650 |
|
0 |
|a Mathematical logic.
|
| 650 |
1 |
4 |
|a Software Engineering.
|0 https://scigraph.springernature.com/ontologies/product-market-codes/I14029
|
| 650 |
2 |
4 |
|a Programming Languages, Compilers, Interpreters.
|0 https://scigraph.springernature.com/ontologies/product-market-codes/I14037
|
| 650 |
2 |
4 |
|a Logics and Meanings of Programs.
|0 https://scigraph.springernature.com/ontologies/product-market-codes/I1603X
|
| 650 |
2 |
4 |
|a Artificial Intelligence.
|0 https://scigraph.springernature.com/ontologies/product-market-codes/I21000
|
| 650 |
2 |
4 |
|a Mathematical Logic and Formal Languages.
|0 https://scigraph.springernature.com/ontologies/product-market-codes/I16048
|
| 700 |
1 |
|
|a Biere, Armin.
|e editor.
|0 (orcid)0000-0001-7170-9242
|1 https://orcid.org/0000-0001-7170-9242
|4 edt
|4 http://id.loc.gov/vocabulary/relators/edt
|
| 700 |
1 |
|
|a Nahir, Amir.
|e editor.
|4 edt
|4 http://id.loc.gov/vocabulary/relators/edt
|
| 700 |
1 |
|
|a Vos, Tanja.
|e editor.
|4 edt
|4 http://id.loc.gov/vocabulary/relators/edt
|
| 710 |
2 |
|
|a SpringerLink (Online service)
|
| 773 |
0 |
|
|t Springer Nature eBook
|
| 776 |
0 |
8 |
|i Printed edition:
|z 9783642396120
|
| 776 |
0 |
8 |
|i Printed edition:
|z 9783642396106
|
| 830 |
|
0 |
|a Programming and Software Engineering ;
|v 7857
|
| 856 |
4 |
0 |
|u https://doi.org/10.1007/978-3-642-39611-3
|
| 912 |
|
|
|a ZDB-2-SCS
|
| 912 |
|
|
|a ZDB-2-SXCS
|
| 912 |
|
|
|a ZDB-2-LNC
|
| 950 |
|
|
|a Computer Science (SpringerNature-11645)
|
| 950 |
|
|
|a Computer Science (R0) (SpringerNature-43710)
|